Pays francophones - Statistiques

Statistiques générales
  • Ce quiz a été pris 677 fois
  • Le résultat moyen est 18 sur 29
Statistiques - réponses
Pourcentage de la population parlant français Réponse % Correct
97% France
99%
75% Belgique
97%
63% Algerie
94%
35% Maroc
93%
67% Suisse
93%
29% Canada
90%
52% Tunisie
88%
92% Luxembourg
87%
51% R.D. Congo
85%
59% Rep. du Congo
85%
26% Sénégal
85%
97% Monaco
83%
70% Andorre
76%
33% Côte d'Ivoire
71%
25% Guinée
70%
41% Cameroun
69%
40% Togo
59%
66% Gabon
57%
33% Bénin
55%
42% Haïti
48%
73% Maurice
45%
38% Liban
44%
26% Comores
40%
29% Guinée équatoriale
36%
50% Djibouti
32%
25% Portugal
26%
32% Vanuatu
18%
28% République centre africaine
3%
53% Séchelles
3%
Aucun quiz correspondant
Distribution des résultats
% des personnes avec chaque résultat
Percentile par nombre de réponses
Votre historique - résultats
Vous n’avez pas pris ce quiz